000 01015nam a2200241 a 4500
005 20240420064028.0
008 081108s2000 mx r 000 0 spa d
035 _aUPN01000165785
049 _aUNE
080 _aDO 37.014.22 (06) (7/8) "1996" COO No.7.
111 2 _aReunión de Ministros de Educación de América Latina y el Caribe, 7a.; 1996: Kingston, Jamaica
245 1 3 _aLa Cooperación de la UNESCO en educación en América Latina y el Caribe, 1993-1996.
260 _aSantiago de Chile: OREALC, 1996.
300 _a63 p.
440 0 _aED-96/MINEDLAC VII/Ref. 1
690 _aDesarrollo de la educación
690 _aCooperación educacional
690 _aProgramas de educación
690 _aCalidad de la educación
_94684
711 2 _aProyecto Principal de Educación para América Latina y el Caribe
711 2 _aReunión del Comité Regional Intergubernamental del Proyecto Principal de Educación en América Latina y el Caribe, 6a.; 1996: Kingston, Jamaica
905 _aUNESCO
999 _c137897
_d137897